Images Quelle région française président-ils/elles ? - Statistiques

Statistiques générales
  • Ce quiz a été pris 13 fois
  • Le résultat moyen est 12 sur 20
Statistiques - réponses
Par images Réponse % Correct
Ile-de-France
100%
Provence-Alpes-Côte-d'azur | PACA
75%
Bourgogne-Franche-Comté
67%
Conseil départemental {Mayotte}
67%
Grand Est
67%
Guadeloupe
67%
Hauts-de-France
67%
Normandie
67%
Nouvelle-Aquitaine
67%
Occitanie
67%
Pays-de-la-Loire
67%
Assemblée {Martinique}
58%
Centre-Val-de-Loire
58%
Conseil exécutif {Corse}
58%
Guyane
58%
Auvergne-Rhône-Alpes
50%
Bretagne
50%
Conseil exécutif {Martinique}
42%
La Réunion
42%
Assenmée {Corse}
25%
Aucun quiz correspondant
Distribution des résultats
% des personnes avec chaque résultat
Percentile par nombre de réponses
Votre historique - résultats
Vous n’avez pas pris ce quiz